Применение сейсмической инверсии при изучении продуктивных отложений терригенного венда в пределах Восточной части Мирнинского выступа (Непско-Ботуобинская антеклиза); Известия Томского политехнического университета [Известия ТПУ]; Т. 317, № 1: Науки о Земле

Podrobná bibliografie
Parent link:Известия Томского политехнического университета [Известия ТПУ]/ Томский политехнический университет (ТПУ).— , 2000-
Т. 317, № 1: Науки о Земле.— 2010.— [С. 73-77]
Hlavní autor: Абросимова О. О.
Další autoři: Кулагин С. И., Кос И. М.
Shrnutí:Заглавие с титульного листа
Электронная версия печатной публикации
Рассматриваются отложения терригенного комплекса, относящиеся к курсовской свите (нижний венд) и нижнебюкской подсвите (верхний венд). В составе нижнебюкской подсвиты выделяется ботуобинский горизонт (пласт В5), который является одним из основных объектов нефтегазопоисковых работ на Мирнинском выступе Непско-Ботуобинской антеклизы. Использование результатов сейсмической инверсии позволило закартировать зоны выклинивания отложений продуктивного пласта В5. В результате уточнения геологического строения района работ стало возможным выделение ловушек углеводородов. Импульсно-вибрационный источник сейсмических сигналов.
Jazyk:ruština
Vydáno: 2010
Edice:Геофизика
Témata:
On-line přístup:http://www.lib.tpu.ru/fulltext/v/Bulletin_TPU/2010/v317/i1/12.pdf
Médium: MixedMaterials Elektronický zdroj Kapitola
KOHA link:https://koha.lib.tpu.ru/cgi-bin/koha/opac-detail.pl?biblionumber=188137

MARC

LEADER 00000nla2a2200000 4500
001 188137
005 20231031174753.0
035 |a (RuTPU)RU\TPU\book\204306 
035 |a RU\TPU\book\204299 
090 |a 188137 
100 |a 20101202d2010 k y0rusy50 ca 
101 0 |a rus 
102 |a RU 
135 |a drnn ---uucaa 
181 0 |a i  
182 0 |a b 
200 1 |a Применение сейсмической инверсии при изучении продуктивных отложений терригенного венда в пределах Восточной части Мирнинского выступа (Непско-Ботуобинская антеклиза)  |b Электронный ресурс  |f О. О. Абросимова, С. И. Кулагин, И. М. Кос 
203 |a Текст  |c электронный 
215 |a 1 файл (2.3 Мб) 
225 1 |a Геофизика 
230 |a Электронные текстовые данные (1 файл : 2.3 Мб) 
300 |a Заглавие с титульного листа 
300 |a Электронная версия печатной публикации 
320 |a [Библиогр.: с. 77 (5 назв.)] 
330 |a Рассматриваются отложения терригенного комплекса, относящиеся к курсовской свите (нижний венд) и нижнебюкской подсвите (верхний венд). В составе нижнебюкской подсвиты выделяется ботуобинский горизонт (пласт В5), который является одним из основных объектов нефтегазопоисковых работ на Мирнинском выступе Непско-Ботуобинской антеклизы. Использование результатов сейсмической инверсии позволило закартировать зоны выклинивания отложений продуктивного пласта В5. В результате уточнения геологического строения района работ стало возможным выделение ловушек углеводородов. Импульсно-вибрационный источник сейсмических сигналов. 
337 |a Adobe Reader 
461 1 |0 (RuTPU)RU\TPU\book\176237  |t Известия Томского политехнического университета [Известия ТПУ]  |f Томский политехнический университет (ТПУ)  |d 2000- 
463 1 |0 (RuTPU)RU\TPU\book\203786  |x 1684-8519  |t Т. 317, № 1: Науки о Земле  |v [С. 73-77]  |d 2010  |p 227 с. 
610 1 |a сейсморазведка 
610 1 |a импеданс 
610 1 |a курсовская свита 
610 1 |a ботуобинский горизонт 
610 1 |a углеводороды 
610 1 |a ловушки 
610 1 |a электронный ресурс 
700 1 |a Абросимова  |b О. О. 
701 1 |a Кулагин  |b С. И. 
701 1 |a Кос  |b И. М. 
801 1 |a RU  |b 63413507  |c 20090623  |g PSBO 
801 2 |a RU  |b 63413507  |c 20211223  |g PSBO 
856 4 |u http://www.lib.tpu.ru/fulltext/v/Bulletin_TPU/2010/v317/i1/12.pdf 
942 |c CF